Quizzes
Events
Quiz Creation
Community
Videos
Private Events
Remove Ads
Sign In
Join for FREE
Feedback
Dark Mode
Quiz Categories
Sports
Geography
Music
Movies
Television
Just For Fun
Miscellaneous
History
Literature
Language
Science
Gaming
Entertainment
Religion
Holiday
For Kids
Quiz Lab
Recent
Popular Today
Quiz Kudos Today
Editor Picks
Curator Picks
Quizzes by...
Day
Popularity
Type
Ratings
Length
Year
Community
Subscriptions
Recent Discussions
Orange Saloon
Badges
Playlists
Quests
Create
Leaderboards
Showdown
Live 5
Trivia Bingo
Activity
Puzzle Library
Sporcle Events
Private Events
Virtual Trivia
Globe League
Become a Host
Pub Owners
SporcleCon
Opinionation
Our Games
Videos
Blog
Mobile Apps
Partnerships
Remove Ads and Go Orange
Feedback
Science
Computer
Plants
Astronomy
Chemistry
Elements
Math
Animal
Physics
Anatomy
Biology
Geology
General Science
Science
Computer
Plants
Astronomy
Chemistry
Elements
Math
Animal
Physics
Anatomy
Biology
Geology
General Science
Random Quiz
Search Sporcle
×
Quiz Lab
Quiz Lab
Science
immune
Type in answers that appear in a list
Type in answers that appear in a list
Classic
Best Score? Go Orange.
Immune Disease and Immunosuppressants Stats
Can you name the Immune Disease?
By
drdrill
10m
26 Questions
27 Plays
27 Plays
27 Plays
Comments
Comments
Give Quiz Kudos
Give Quiz Kudos
-
- Ratings
hide this ad
Replay
Link that replays current quiz
Next Quiz
Link to next quiz in quiz playlist
You Got
0%
They Got
Avg Score
51%
Avg Friend Score
Upgrade to see
Score Distribution
Jump to the score distribution portion of the page
Score
0/26
Timer
10:00
0
Plays Today
Description
% Correct
1 month after streptococcal infection, patient presents with myocarditis and arthitis
Acute Rh Fever
76.9%
Glomerulonephritis, stains positive for IgG antibody on glomerulus and alevoli
Goodpasture
69.2%
Patient has hyperthyroidism, autoimmunity is suspected
Graves
69.2%
Immunosuppresant strongly indicated against use in pregnant women
Azathioprine, Methotrexate and Cyclophosphamide
69.2%
Patient with UV sensitivity presents with anti-
carpiolipin antibodies
SLE
65.4%
Patient expereinces weakness and paralysis, treatment with acetylcholineserase inhibitors is effective
Myasthenia Gravis
65.4%
Extremely potent calcineurin inhibitor
tacrolimus
65.4%
Patient has TH1 response against type 2 collagen
RA
61.5%
A patient with difficult moving her legs is given IFN-
beta and shows signs of improvement
MS
61.5%
Common Phase I inhibitor noted for its renal toxicity and for causing abnormal hair growth
cyclosporine
61.5%
Hypercholsterolemia and Cushing's Syndrome are among the side effects of this immunosuppressant
Prednisone
57.7%
Patient has paralysis after camplobacter jejuni infection
Guillain-Barre
53.8%
A patient presents with hard (fibrous) lesions on face and hands with accompanying esophageal dysfunction
Scleroderma
53.8%
Description
% Correct
A type 4 immune disease targets B cells of a patients pancreas
Diabetes Type I
53.8%
TH2 mediated process that can result in Anaphylaxis
Asthma
46.2%
Systemic vasculitis is noted in a patient with hepatitis B
PAN
46.2%
Should test: TPMT activity, CBC, pregnancy, metabolic panel before giving this cell cycle disruptor
Azathioprine
46.2%
Blocking the IL-
2 receptor with this monoclonal antibody will not change the number of lymphocytes, but will act as an immunosuppressant
Daclizumab
42.3%
This drug blocks CD3 on T-
cells
Muromonab
42.3%
Epidermal blistering lesions thought to be caused by IgG antibodies in the epidermis
Pemphigus Vulgaris
38.5%
Patient suffers from inherited renal failure due to type 4 collagen disease
Alport Syndrome
38.5%
An Arkansas chicken farmer presents with fluid in lung, you suspect a hypersensitivity reaction of this type
3
34.6%
Antibodies in a patient activate neutrophils resulting in vasculitis and renal failure
Wegener
30.8%
T and B Cells cannot sythesize GMP and thus DNA when challenged with the drug; noted for myelosuppression, GI side effects
Mycophenolate Mofetil
30.8%
Gastric Parietal cells are targeted, resulting in anemia in this Type 2 disease
Pernicious Anemia
15.4%
A 45 y.o. woman who has suffered from SLE in the past tests positive for anti-
nuclear antibodies and rheumatoid factor-
you run tests to rule in/
out
Sjogren's
15.4%
Quiz Playlist
Details
Report
Send in Message
Add To Playlist
Classic:
Type in answers that appear in a list
Last Updated: Feb 16, 2017
Quiz Scoreboard
CHALLENGE
Sign Up to Join the Scoreboard
Show All
Scores
Hide
Comments
May contain spoilers
Recently Published
An Introduction to Baseball
by treessimontrees
Sports
5m
Movies - When Are They Set?
by FPL_Elf
Movies
5m
Popular People in 1961
by mucciniale
History
6m
More to Explore
Quiz From the Vault
Featured Blog Post
Where Did the Easter Bunny Come From?
hide this ad
You Might Also Like...
Tags
description
disease
immune
Today's Top Quizzes in Science
Browse Science
hide this ad
Today's Top Quizzes in immune
Browse immune
Top Contributed Quizzes in Science
1
Quick Pick: 'CI-CJ' Animals
2
Elements In Images
3
One Thing in Common: Science
4
Count to 60
5
One Thing in Common: Science III
6
Quick Pick: Radians
7
Square Numbers Scrambled (1-50)
8
One Thing in Common: Science II
9
Sporcle Puzzle Hunt: Science
10
One Thing in Common: Animals
Explore More
Trending Topics
NBA
Crossword
Anime
Harry Potter
Kpop
Marvel
Disney
Pokémon
Soccer
Puzzle
WWE
Country
Song
The Office
NFL
hide this ad
More By:
drdrill
Quiz
Plays
Rating
Category
Featured
Created
Anti-Cancer Medications
70
Science
Mar 8, 2012
Immune Disease and Immunosuppressants
27
Science
Mar 8, 2012
Pulmonary Pharm
14
Science
Aug 26, 2012
Pulmonary Pharm II
4
Science
Aug 30, 2012
Go to Creator's Profile
Score Distribution
Quiz Creator Spotlight
drdrill
Follow
Send a Message
Quizzes Created
-
Created Quiz Play Count
-
More By This Creator
Popular Quizzes Today
1
Find the Countries of Europe - No Outlines Minefield
2
Find the US States - No Outlines Minefield
3
The Countries of the World
4
Popular People in 1961
5
US States
6
Find the US States
7
1-10 Letter E Words III
8
Risky Map Clicking: Biggest States A-Z
More Science Quizzes
'B' Element Symbols
Published
Trending Quizzes
Risky Map Clicking: Least Populous States A-Z
1-10 Letter F Words
1-10 Letter G Words
One Thing in Common: United Kingdom
Risky Map Clicking: Next State Alphabetically
Recently Updated
Leaping Animals
pecheneg
Reality TV Shows (A-Z)
bhenderson79
Rickey Henderson's Hall of Fame Teammates
pecheneg
Champions League XIs: Arsenal
pecheneg
Quick Pick: Celebrities in WWE's Hall of Fame
aduchscher
A-Z Keypad Blitz II
pecheneg
Multiple Oscar Actors
pecheneg
Mystery Phrase Blitz: Oscar 'Best Actors'
pecheneg
F. Scott Fitzgerald Novels
LTH
Pick 3 Villains
ddd62291
Trending Topics
NBA
Kpop
Disney
Marvel
Harry Potter
Anime
Crossword
Puzzle
Soccer
Song
The Office
WWE
Country
Pokémon
NFL
Your Account Isn't Verified!
In order to create a playlist on Sporcle, you need to verify the email address you used during registration. Go to your
Sporcle Settings
to finish the process.
Report this User
Report this user for behavior that violates our
Community Guidelines
.
Details:
Send Report
Go to the Sporcle.com Mobile Site →
Comments